| 000 | 00641 a2200169 4500 | ||
|---|---|---|---|
| 999 |
_c10395 _d10395 |
||
| 020 | _a9780495811350 | ||
| 050 | _aBF121 WEI2011 | ||
| 100 |
_aWeiten, Wayne, _d1950- _eauthor |
||
| 245 |
_aPsychology : _bthemes and variations, briefer version/ _cWayne Weiten. |
||
| 250 | _a8th edition | ||
| 264 |
_aBelmont, CA : _bWadsworth Cengage Learning, _c ♭2011 |
||
| 300 | _axliii, 553, [145] pages : illustrations (chiefly color) ; 28 cm | ||
| 500 | _a"Briefer edition, 8th edition, International edition."--Cover. lncludes index | ||
| 650 | _aPsychology -- Textbooks. | ||
| 650 | _a Psychology. | ||
| 942 |
_2lcc _cBK _e8th edition _h121 _iWEI _kBF |
||